J. Sorolla : Barcelona, març-juny 1983 / direcció i coordinació: Assessoria per als Afers Culturals de Presidència de la Diputació de Barcelona ; [introducció: Trini Simó] Barcelona, març-juny 1983 / direcció i coordinació:
Descripción Física:
[36] làm., col. ; 22 x 25 cm
Materias:
Sorolla, Joaquim -- Exposicions
MARC
| LEADER | 00000nam a2200000Ia 4500 | ||
|---|---|---|---|
| 001 | 7942 | ||
| 003 | BGR | ||
| 005 | 20260324175405.0 | ||
| 008 | 160829s9999 xx 000 0 cat d | ||
| 080 | |a FU-16-8 | ||
| 100 | |a Sorolla, Joaquim |9 30734 | ||
| 245 | |a J. Sorolla : |b Barcelona, març-juny 1983 / direcció i coordinació: |b Assessoria per als Afers Culturals de Presidència de la Diputació de Barcelona ; [introducció: |b Trini Simó] | ||
| 260 | |a Barcelona : |b Diputació, DL 1983 | ||
| 300 | |a [36] làm., col. ; |c 22 x 25 cm | ||
| 590 | |a Col·laboren a l'exposició: Ajuntament de Barcelona, Ajuntament de València, Diputació de València i Museu de Belles Arts de Sant Carles de València | ||
| 650 | |a Sorolla, Joaquim |x Exposicions |9 30735 | ||
| 700 | |a Simó, Trinidad, pr. |9 30736 | ||
| 700 | |a Museu de Belles Arts de Sant Carles de València |9 30740 | ||
| 710 | 1 | |a Barcelona (Catalunya). |b Ajuntament |9 50981 | |
| 710 | 1 | |a Barcelona (Catalunya : Província). |b Diputació |9 52408 | |
| 710 | 1 | |a Alacant (País Valencià). |b Ajuntament |9 52849 | |
| 710 | 1 | |a València (País Valencià : Província). |b Diputació |9 54740 | |
| 901 | |a Arxiu | ||
| 942 | |n 1 |2 udc |c MON | ||
| 952 | |0 0 |1 0 |4 0 |6 FU168 |7 1 |9 45503 |a Arxiu |b Arxiu |d 2016-12-01 |l 0 |o FU-16-8 |p 7942 |r 2016-12-01 00:00:00 |w 2016-12-01 |y ARXIU | ||
| 999 | |c 48668 |d 48668 | ||